000
00258nam a2200097Ia 4500
001
851640
005
20250826174459.0
008
250824s9999 xx 000 0 und d
245
0
_a
ALLAH DE ÖTESİNİ BIRAK -2- NİYET
_c
UĞUR KOŞAR
260
_b
DESTEK YAYINLARI
999
_c
851640
_d
851640